[Event "Titled Tuesday intern op 27th Sep Early"]
[Site "Chess.com INT"]
[Date "2022.09.27"]
[Round "8"]
[White "Azaladze, Shota"]
[Black "Reyes, Narquinden"]
[Result "0-1"]
[WhiteElo "2377"]
[BlackElo "2281"]
[PlyCount "80"]
[EventDate "2022.09.27"]
[EventType "swiss (blitz)"]
[EventRounds "11"]
[EventCountry "USA"]
[SourceTitle "CBM 210 Extra"]
[Source "ChessBase"]
[SourceDate "2022.11.30"]
[SourceVersion "1"]
[SourceVersionDate "2022.11.30"]
[SourceQuality "1"]

1. Nf3 d5 2. g3 Bg4 3. Bg2 Nd7 4. 0-0 Ngf6 5. d3 e6 6. Nbd2 Be7 7. e4 0-0 8. h3 Bh5 9. Qe2 c5 10. Re1 Rc8 11. Nf1 b5 12. g4 Bg6 13. Ng3 c4 14. e5 Ne8 15. d4 b4 16. Bf4 Nb6 17. Qe3 Bxc2 18. h4 c3 19. b3 Bxh4 20. Nxh4 Qxh4 21. Bf3 Qe7 22. Kg2 f5 23. exf6 Nxf6 24. Re2 Bg6 25. Rae1 c2 26. Nf5 Qd7 27. Nh4 Rc3 28. Qd2 Ne4 29. Qc1 Qf7 30. Nxg6 hxg6 31. Bxe4 dxe4 32. Rxe4 Nd5 33. Bg3 Qf3+ 34. Kg1 Rfc8 35. Rxe6 Rd3 36. Qg5 Rd1 37. Kh2 c1Q 38. Re8+ Rxe8 39. Rxe8+ Kf7 40. Re7+ Nxe7 0-1

[Event "Titled Tuesday intern op 27th Sep Early"]
[Site "Chess.com INT"]
[Date "2022.09.27"]
[Round "11"]
[White "Gabrielian, Artur"]
[Black "Reyes, Narquinden"]
[Result "1-0"]
[WhiteElo "2472"]
[BlackElo "2281"]
[PlyCount "81"]
[EventDate "2022.09.27"]
[EventType "swiss (blitz)"]
[EventRounds "11"]
[EventCountry "USA"]
[SourceTitle "CBM 210 Extra"]
[Source "ChessBase"]
[SourceDate "2022.11.30"]
[SourceVersion "1"]
[SourceVersionDate "2022.11.30"]
[SourceQuality "1"]

1. e4 c6 2. d4 d5 3. e5 Bf5 4. h4 h5 5. Bd3 Bxd3 6. Qxd3 Qa5+ 7. Nd2 Qa6 8. c4 e6 9. Ngf3 Nd7 10. 0-0 Ne7 11. b3 Nf5 12. Re1 Be7 13. g3 Rd8 14. a4 0-0 15. Qc2 g6 16. c5 b6 17. b4 bxc5 18. dxc5 Rb8 19. Rb1 Rb7 20. Nf1 Rfb8 21. Bd2 d4 22. Qe4 Qxa4 23. g4 hxg4 24. Qxg4 Ng7 25. Ng3 Qc2 26. Rbc1 Qd3 27. Red1 Nf5 28. Bg5 Qe2 29. Bxe7 Nxe7 30. Re1 Qd3 31. Rcd1 Qc2 32. h5 Rxb4 33. Qg5 Re8 34. Ne4 d3 35. Nd6 Rf8 36. Qxe7 Rg4+ 37. Kf1 Nxc5 38. h6 Rf4 39. h7+ Kg7 40. Qxf8+ Kxh7 41. Ng5# 1-0

[Event "Titled Tuesday intern op 27th Sep Early"]
[Site "Chess.com INT"]
[Date "2022.09.27"]
[Round "3"]
[White "Samunenkov, Igor"]
[Black "Reyes, Narquinden"]
[Result "0-1"]
[WhiteElo "2469"]
[BlackElo "2281"]
[PlyCount "68"]
[EventDate "2022.09.27"]
[EventType "swiss (blitz)"]
[EventRounds "11"]
[EventCountry "USA"]
[SourceTitle "CBM 210 Extra"]
[Source "ChessBase"]
[SourceDate "2022.11.30"]
[SourceVersion "1"]
[SourceVersionDate "2022.11.30"]
[SourceQuality "1"]

1. e4 c6 2. Nf3 d5 3. Nc3 Bg4 4. h3 Bxf3 5. Qxf3 Nf6 6. Be2 e5 7. 0-0 d4 8. Nb1 Bd6 9. c3 0-0 10. cxd4 exd4 11. d3 Nbd7 12. Bd1 Re8 13. Nd2 c5 14. Nc4 Bc7 15. a4 b6 16. Bf4 a6 17. Bb3 Qb8 18. Bxc7 Qxc7 19. Na3 Ne5 20. Qe2 Nc6 21. f4 Na5 22. Ba2 Qc6 23. Qc2 Rac8 24. Nc4 Nxc4 25. Qxc4 Qb7 26. e5 b5 27. axb5 axb5 28. Qb3 Nh5 29. Kh2 g6 30. f5 g5 31. e6 fxe6 32. fxe6 Re7 33. Rf7 Nf4 34. Rxe7 Qxg2# 0-1

[Event "Titled Tuesday intern op 01st Dec"]
[Site "Chess.com INT"]
[Date "2020.12.01"]
[Round "10"]
[White "Peng, David T"]
[Black "Reyes, Narquinden"]
[Result "1-0"]
[WhiteElo "2287"]
[BlackElo "2281"]
[PlyCount "53"]
[EventDate "2020.12.01"]
[EventType "swiss (blitz)"]
[EventRounds "11"]
[EventCountry "USA"]
[SourceTitle "CBM 199 Extra"]
[Source "ChessBase"]
[SourceDate "2021.01.31"]
[SourceVersion "1"]
[SourceVersionDate "2021.01.31"]
[SourceQuality "1"]

1. d4 Nf6 2. c4 g6 3. Nc3 Bg7 4. e4 d6 5. Be2 0-0 6. Bg5 h6 7. Be3 e5 8. d5 a5 9. h4 Na6 10. Qd2 h5 11. f3 Nd7 12. 0-0-0 Ndc5 13. Kb1 f5 14. Bg5 Qe8 15. Nh3 Bd7 16. Rdg1 a4 17. g4 hxg4 18. fxg4 fxe4 19. h5 a3 20. h6 Bf6 21. Bxf6 Rxf6 22. h7+ Kh8 23. Ng5 Rf4 24. Rf1 Qf8 25. Rxf4 exf4 26. Qd4+ Qg7 27. Nf7# 1-0

[Event "Titled Tuesday intern op 01st Dec"]
[Site "Chess.com INT"]
[Date "2020.12.01"]
[Round "9"]
[White "Valdes Romero, Leonardo"]
[Black "Reyes, Narquinden"]
[Result "1/2-1/2"]
[WhiteElo "2402"]
[BlackElo "2281"]
[PlyCount "30"]
[EventDate "2020.12.01"]
[EventType "swiss (blitz)"]
[EventRounds "11"]
[EventCountry "USA"]
[SourceTitle "CBM 199 Extra"]
[Source "ChessBase"]
[SourceDate "2021.01.31"]
[SourceVersion "1"]
[SourceVersionDate "2021.01.31"]
[SourceQuality "1"]

1. Nf3 g6 2. c4 Bg7 3. g3 Nf6 4. Nc3 0-0 5. Bg2 d6 6. 0-0 Nc6 7. d3 e5 8. Rb1 a5 9. a3 Bf5 10. Nd2 Qd7 11. b4 axb4 12. axb4 Bh3 13. b5 Bxg2 14. Kxg2 Nd4 15. e3 Ne6 1/2-1/2

[Event "Ho Chi Minh City HD Bank op 7th"]
[Site "Ho Chi Minh City"]
[Date "2017.03.16"]
[Round "7"]
[White "Xiang, Zeyu"]
[Black "Reyes, Narquinden"]
[Result "1-0"]
[WhiteElo "2411"]
[BlackElo "2318"]
[PlyCount "129"]
[EventDate "2017.03.12"]
[EventType "swiss"]
[EventRounds "9"]
[EventCountry "VIE"]
[SourceTitle "CBM 177 Extra"]
[Source "ChessBase"]
[SourceDate "2017.04.27"]
[SourceVersion "1"]
[SourceVersionDate "2017.04.27"]
[SourceQuality "1"]

1. d4 d5 2. c4 c6 3. cxd5 cxd5 4. Bf4 Nf6 5. Nc3 Nc6 6. e3 Bf5 7. Qb3 Na5 8. Qa4+ Bd7 9. Qc2 Rc8 10. Bd3 e6 11. Nf3 Be7 12. h3 0-0 13. 0-0 b5 14. Qe2 a6 15. Rac1 Qb6 16. Ne5 Nc4 17. Bg5 Qd8 18. a4 b4 19. Nb1 Bxa4 20. Nxc4 dxc4 21. Bxc4 a5 22. Nd2 h6 23. Bh4 Ra8 24. f4 Nd7 25. Bf2 Nb6 26. Bd3 Bd7 27. e4 a4 28. d5 a3 29. b3 Rc8 30. Bd4 exd5 31. e5 f5 32. Kh1 Be6 33. Rxc8 Nxc8 34. Rc1 Qd7 35. Bb5 Qb7 36. Bc6 Qc7 37. Qf1 Rd8 38. Nf3 Qa5 39. Bb7 Na7 40. Ba6 Ra8 41. Ba1 Bc5 42. Nd4 Bxd4 43. Bxd4 Nc8 44. Bb7 Rb8 45. Rc5 Qd8 46. Qa6 Qd7 47. Rb5 Ne7 48. Rxb4 a2 49. Qxa2 Qc7 50. Rb6 Bc8 51. Bxc8 Qc1+ 52. Kh2 Rxb6 53. Bxb6 Nxc8 54. Bf2 Qxf4+ 55. Bg3 Qc1 56. Qa8 Qc5 57. Qb7 Kh7 58. Qf7 Ne7 59. e6 d4 60. b4 Qd5 61. Qxe7 d3 62. Qd7 Qe4 63. e7 f4 64. e8Q fxg3+ 65. Kxg3 1-0

[Event "Ho Chi Minh City HD Bank op 7th"]
[Site "Ho Chi Minh City"]
[Date "2017.03.14"]
[Round "4"]
[White "Reyes, Narquinden"]
[Black "Liu, Guanchu"]
[Result "0-1"]
[WhiteElo "2318"]
[BlackElo "2441"]
[PlyCount "126"]
[EventDate "2017.03.12"]
[EventType "swiss"]
[EventRounds "9"]
[EventCountry "VIE"]
[SourceTitle "CBM 177 Extra"]
[Source "ChessBase"]
[SourceDate "2017.04.27"]
[SourceVersion "1"]
[SourceVersionDate "2017.04.27"]
[SourceQuality "1"]

1. d4 f5 2. Nf3 Nf6 3. Bf4 e6 4. e3 Be7 5. h3 b6 6. c4 Bb7 7. Nc3 0-0 8. Be2 Ne4 9. Nxe4 Bxe4 10. 0-0 d6 11. Nd2 Bb7 12. Bf3 Qc8 13. Bxb7 Qxb7 14. Qf3 Qxf3 15. Nxf3 a5 16. Rfe1 Nc6 17. a3 Bf6 18. Bg5 Kf7 19. Rad1 a4 20. Kf1 Na5 21. Bxf6 Kxf6 22. Nd2 c5 23. Ke2 cxd4 24. exd4 e5 25. Kd3 Rfc8 26. Rc1 Ra7 27. Rc3 Rac7 28. Rec1 Nc6 29. d5 e4+ 30. Ke3 Ne5 31. f3 exf3 32. gxf3 Re7 33. Kd4 Ng6 34. b3 Nf4 35. bxa4 Rce8 36. c5 Ne2+ 37. Kc4 bxc5 38. Kb5 Nxc3+ 39. Rxc3 Re3 40. Rxe3 Rxe3 41. a5 Rxa3 42. a6 Rxa6 43. Kxa6 Ke5 44. Nc4+ Kxd5 45. Kb5 f4 46. Nb6+ Kd4 47. Kc6 c4 48. Nd5 c3 49. Nxf4 c2 50. Ne2+ Ke3 51. Nc1 Kxf3 52. Kxd6 Kg3 53. Ke5 Kxh3 54. Ke4 Kg2 55. Kd3 h5 56. Kxc2 h4 57. Nd3 Kg3 58. Kd2 h3 59. Ke2 h2 60. Nf2 Kg2 61. Ke3 g5 62. Ke2 g4 63. Nxg4 h1Q 0-1

[Event "Ho Chi Minh City HD Bank op 7th"]
[Site "Ho Chi Minh City"]
[Date "2017.03.12"]
[Round "2"]
[White "Ali, Muhammad Lutfi"]
[Black "Reyes, Narquinden"]
[Result "1-0"]
[WhiteElo "2416"]
[BlackElo "2318"]
[PlyCount "53"]
[EventDate "2017.03.12"]
[EventType "swiss"]
[EventRounds "9"]
[EventCountry "VIE"]
[SourceTitle "CBM 177 Extra"]
[Source "ChessBase"]
[SourceDate "2017.04.27"]
[SourceVersion "1"]
[SourceVersionDate "2017.04.27"]
[SourceQuality "1"]

1. e4 c6 2. d4 d5 3. exd5 cxd5 4. Bd3 Nc6 5. c3 Nf6 6. h3 g6 7. Bf4 Bg7 8. Nd2 0-0 9. Ngf3 a6 10. Ne5 Nd7 11. Nxd7 Bxd7 12. 0-0 b5 13. a3 Qb6 14. Re1 Rfe8 15. Nf3 Rad8 16. Re2 Bc8 17. Qd2 Na5 18. Rae1 Bf6 19. Be5 Nc4 20. Bxc4 bxc4 21. Qh6 Bxe5 22. dxe5 f6 23. Nd4 Rf8 24. exf6 Qxf6 25. Rxe7 Qxf2+ 26. Kh1 Rf7 27. Nf3 1-0

[Event "PHI-ch"]
[Site "Manila"]
[Date "2016.06.22"]
[Round "4"]
[White "Reyes, Narquinden"]
[Black "Gotel, Michael"]
[Result "1/2-1/2"]
[WhiteElo "2342"]
[BlackElo "2238"]
[PlyCount "296"]
[EventDate "2016.06.20"]
[EventType "tourn"]
[EventRounds "13"]
[EventCountry "PHI"]
[SourceTitle "CBM 173 Extra"]
[Source "ChessBase"]
[SourceDate "2016.08.29"]
[SourceVersion "1"]
[SourceVersionDate "2016.08.29"]
[SourceQuality "1"]

1. d4 Nf6 2. Nf3 g6 3. Bf4 d6 4. h3 Bg7 5. e3 0-0 6. Be2 c5 7. c3 Be6 8. Nbd2 Qb6 9. Qc2 Rc8 10. dxc5 Rxc5 11. e4 Rc8 12. Be3 Qd8 13. 0-0 Nc6 14. Rfd1 d5 15. Ng5 Bd7 16. exd5 Nxd5 17. Bc4 e6 18. Bxd5 Nb4 19. Qe4 Nxd5 20. Nb3 Nxe3 21. Qxe3 Qe7 22. Nf3 e5 23. Nxe5 Bxe5 24. f4 f6 25. fxe5 fxe5 26. Rd5 Re8 27. Re1 Bc6 28. Rxe5 Qh4 29. Re7 Rxe7 30. Qxe7 Qg3 31. Qe6+ Kg7 32. Qe5+ Qxe5 33. Rxe5 Kf6 34. Re3 Bd5 35. Nc1 b5 36. Rd3 Ke6 37. b3 a5 38. Ne2 Ke5 39. Re3+ Kf6 40. Rd3 Ke5 41. Re3+ Kf6 42. Nd4 a4 43. Re2 axb3 44. axb3 Ra1+ 45. Kf2 Rc1 46. Re3 Rb1 47. b4 Bc4 48. h4 h5 49. Kf3 Bd5+ 50. Kg3 Bc4 51. Kf4 Rh1 52. Nf3 Bd5 53. Kg3 Rd1 54. Ne1 Kf5 55. Nd3 Kf6 56. Nf4 Bc4 57. Rf3 Kg7 58. Kf2 Kh6 59. Rg3 Rd6 60. Ke3 Bf1 61. Ke4 Rf6 62. Rg5 Bc4 63. Rc5 Kg7 64. Rc7+ Kf8 65. g3 Bf7 66. Rb7 Rc6 67. Kd4 Rc4+ 68. Kd3 Rc6 69. Kd2 Rd6+ 70. Ke3 Rc6 71. Ne2 Re6+ 72. Kd2 Re5 73. Nd4 Bc4 74. Rc7 Re4 75. Rc5 Rg4 76. Rg5 Rxg5 77. hxg5 Ke7 78. Ke3 Kd6 79. Nf3 Kd5 80. Nd2 Ba2 81. Kd3 Ke5 82. c4 bxc4+ 83. Kc3 Kd5 84. Kb2 c3+ 85. Kxc3 Kc6 86. Kd4 Kb5 87. Nf3 Kxb4 88. Nh4 Bb1 89. Ke5 Kc3 90. Kf6 Kd4 91. Nxg6 Ke3 92. Nf4 Kf3 93. Nxh5 Kg4 94. Nf4 Kxg3 95. Ne2+ Kg4 96. Nc3 Bh7 97. Nb5 Bd3 98. Nc7 Be4 99. Ne8 Bb1 100. Nd6 Bd3 101. Nf7 Bc2 102. Ne5+ Kh5 103. Nc4 Bb1 104. Ne3 Be4 105. Nf5 Bc2 106. g6 Bd3 107. g7 Bc4 108. Nd6 Bg8 109. Nf7 Bh7 110. Ke7 Kg6 111. Kf8 Kf6 112. Nh8 Ke6 113. Ng6 Kf6 114. Nf4 Kf5 115. Nd5 Kg6 116. Nc7 Kf6 117. Na6 Kg6 118. Nb4 Kf6 119. Nd3 Ke6 120. Ne1 Kf6 121. Nf3 Kg6 122. Ne5+ Kf6 123. Nf7 Kg6 124. Nd6 Kf6 125. Ne4+ Kf5 126. Nc3 Kf6 127. Nd5+ Ke6 128. Ne7 Kf6 129. Nd5+ Ke6 130. Ne7 Kf6 131. Ng8+ Kg6 132. Ne7+ Kf6 133. Nc8 Kg6 134. Nd6 Kf6 135. Nc4 Ke6 136. Ke8 Kf6 137. Kf8 Ke6 138. Nb2 Kf6 139. Nd3 Ke6 140. Ne1 Kf6 141. Nf3 Kg6 142. Ng1 Kf6 143. Nh3 Kg6 144. Nf2 Kf6 145. Nd3 Kg6 146. Nc5 Kf6 147. Nb7 Kg6 148. Nd6 Kf6 1/2-1/2

[Event "PHI-ch"]
[Site "Manila"]
[Date "2016.06.21"]
[Round "2"]
[White "Reyes, Narquinden"]
[Black "Miciano, John Marvin"]
[Result "1/2-1/2"]
[WhiteElo "2342"]
[BlackElo "2044"]
[PlyCount "121"]
[EventDate "2016.06.20"]
[EventType "tourn"]
[EventRounds "13"]
[EventCountry "PHI"]
[SourceTitle "CBM 173 Extra"]
[Source "ChessBase"]
[SourceDate "2016.08.29"]
[SourceVersion "1"]
[SourceVersionDate "2016.08.29"]
[SourceQuality "1"]

1. g3 g6 2. Bg2 Bg7 3. d4 d6 4. e4 c5 5. d5 e5 6. c4 Nd7 7. Nc3 Ne7 8. Nge2 0-0 9. 0-0 f5 10. f3 Nf6 11. Be3 h6 12. Qd2 g5 13. exf5 Nxf5 14. Ne4 Nxe4 15. fxe4 Nxe3 16. Qxe3 Rxf1+ 17. Rxf1 g4 18. Nc3 a6 19. Qe2 Bd7 20. Nd1 Qg5 21. Ne3 Rf8 22. Rxf8+ Bxf8 23. Qf2 h5 24. Bf1 Bh6 25. Nf5 Bxf5 26. Qxf5 Qxf5 27. exf5 Be3+ 28. Kg2 e4 29. h3 Kg7 30. hxg4 hxg4 31. Be2 Kf6 32. Bxg4 Ke5 33. Kf1 Bg5 34. Ke1 Kd4 35. Be2 a5 36. a4 Ke3 37. Kd1 Kf2 38. Bh5 Kxg3 39. b3 Kf4 40. Bg6 Ke3 41. Kc2 Bf6 42. Bh5 b6 43. Bd1 Kf4 44. Bh5 Kxf5 45. Bd1 Kf4 46. Bh5 Ke3 47. Bg4 Bd8 48. Bh5 Kf4 49. Bd1 Ke3 50. Bh5 Kd4 51. Bd1 b5 52. Be2 bxa4 53. bxa4 Bh4 54. Kd2 Bg5+ 55. Kc2 Bf4 56. Bf1 Ke3 57. Kd1 Be5 58. Be2 Bc3 59. Bf1 Bb4 60. Be2 Kf2 61. Bh5 1/2-1/2

[Event "PHI-ch"]
[Site "Manila"]
[Date "2016.06.20"]
[Round "1"]
[White "Bersamina, Paulo"]
[Black "Reyes, Narquinden"]
[Result "1-0"]
[WhiteElo "2378"]
[BlackElo "2342"]
[PlyCount "133"]
[EventDate "2016.06.20"]
[EventType "tourn"]
[EventRounds "13"]
[EventCountry "PHI"]
[SourceTitle "CBM 173 Extra"]
[Source "ChessBase"]
[SourceDate "2016.08.29"]
[SourceVersion "1"]
[SourceVersionDate "2016.08.29"]
[SourceQuality "1"]

1. e4 c6 2. Nc3 d5 3. d4 dxe4 4. Nxe4 Bf5 5. Ng3 Bg6 6. h4 h6 7. Nf3 Nd7 8. h5 Bh7 9. Bd3 Bxd3 10. Qxd3 e6 11. Bd2 Ngf6 12. 0-0-0 Be7 13. Kb1 Qc7 14. Rhe1 Rd8 15. Qb3 c5 16. Ne5 0-0 17. Bf4 Nxe5 18. Bxe5 Qc6 19. c4 cxd4 20. Bxd4 b6 21. f3 Rd7 22. Bxf6 Bxf6 23. Rxd7 Qxd7 24. Ne4 Be7 25. Rd1 Qc7 26. Qa4 Rd8 27. Rxd8+ Qxd8 28. Kc2 Qd4 29. Nc3 Qf2+ 30. Kb3 Qxg2 31. Qxa7 Bc5 32. a4 Qg5 33. a5 bxa5 34. Qxa5 Qxh5 35. Ka4 Qf5 36. b4 Qc2+ 37. Kb5 Be3 38. Ne4 Qd3 39. Qc7 h5 40. Nd6 Qg6 41. c5 Bf4 42. Kc6 Kh7 43. b5 h4 44. b6 h3 45. b7 h2 46. b8Q h1Q 47. Qcd8 Qxf3+ 48. Kd7 Qc2 49. Qg8+ Kh6 50. Qb4 Qcg2 51. Qc8 e5 52. Nxf7+ Kh5 53. Ke7 Bg5+ 54. Kf8 Qa2 55. Qbb7 e4 56. Qe8 Qc4 57. Qe5 Qf6 58. Qxf6 Bxf6 59. Qc8 Qd5 60. c6 e3 61. Qh3+ Bh4 62. Qxe3 Kg6 63. Qg1+ Kf5 64. c7 Qa8+ 65. Kxg7 Bf6+ 66. Kh7 Ke6 67. c8Q+ 1-0

[Event "Penang op 7th"]
[Site "Penang"]
[Date "2015.12.12"]
[Round "9"]
[White "Deepan Chakkravarthy, J."]
[Black "Reyes, Narquinden"]
[Result "1/2-1/2"]
[WhiteElo "2479"]
[BlackElo "2301"]
[PlyCount "33"]
[EventDate "2015.12.07"]
[EventType "swiss"]
[EventRounds "9"]
[EventCountry "MAS"]
[SourceTitle "CBM 169 Extra"]
[Source "ChessBase"]
[SourceDate "2015.12.18"]
[SourceVersion "1"]
[SourceVersionDate "2015.12.18"]
[SourceQuality "1"]

1. g3 d5 2. Bg2 Nf6 3. c4 c6 4. Qb3 Qb6 5. Qc2 Na6 6. a3 dxc4 7. Qxc4 Be6 8. Qh4 Nc5 9. Nc3 Ng4 10. Nh3 h6 11. 0-0 Rg8 12. d4 Nb3 13. d5 Bd7 14. dxc6 bxc6 15. Rb1 g5 16. Bxg5 hxg5 17. Nxg5 1/2-1/2

[Event "Penang op 7th"]
[Site "Penang"]
[Date "2015.12.10"]
[Round "6"]
[White "Reyes, Narquinden"]
[Black "Vahidov, Tair"]
[Result "1/2-1/2"]
[WhiteElo "2301"]
[BlackElo "2445"]
[PlyCount "28"]
[EventDate "2015.12.07"]
[EventType "swiss"]
[EventRounds "9"]
[EventCountry "MAS"]
[SourceTitle "CBM 169 Extra"]
[Source "ChessBase"]
[SourceDate "2015.12.18"]
[SourceVersion "1"]
[SourceVersionDate "2015.12.18"]
[SourceQuality "1"]

1. d4 d6 2. g3 Nd7 3. Bg2 e5 4. Nf3 Ngf6 5. 0-0 Be7 6. c4 c6 7. Nc3 0-0 8. b3 Re8 9. Qc2 Bf8 10. e4 a6 11. Rd1 Qc7 12. a4 a5 13. d5 Nc5 14. Ne1 Qb6 1/2-1/2

[Event "Penang op 7th"]
[Site "Penang"]
[Date "2015.12.09"]
[Round "5"]
[White "Barus, Cerdas"]
[Black "Reyes, Narquinden"]
[Result "0-1"]
[WhiteElo "2355"]
[BlackElo "2301"]
[PlyCount "140"]
[EventDate "2015.12.07"]
[EventType "swiss"]
[EventRounds "9"]
[EventCountry "MAS"]
[SourceTitle "CBM 169 Extra"]
[Source "ChessBase"]
[SourceDate "2015.12.18"]
[SourceVersion "1"]
[SourceVersionDate "2015.12.18"]
[SourceQuality "1"]

1. d4 d5 2. c4 c6 3. Nf3 Nf6 4. Nc3 dxc4 5. a4 Bf5 6. e3 e6 7. Bxc4 Bb4 8. 0-0 Nbd7 9. Qe2 0-0 10. e4 Bg6 11. Bd3 Bh5 12. e5 Nd5 13. Nxd5 cxd5 14. Qe3 Bg6 15. Bxg6 hxg6 16. h4 Be7 17. g3 Re8 18. Kg2 Nf8 19. Rh1 Nh7 20. Bd2 Rc8 21. Qf4 Qb6 22. Qg4 Rc2 23. h5 g5 24. h6 g6 25. Bxg5 Qxb2 26. Be3 Qc3 27. Rhc1 b6 28. Nh4 Qd3 29. Rxc2 Qxc2 30. Rc1 Qe4+ 31. Qxe4 dxe4 32. Kf1 a6 33. Rc7 b5 34. axb5 axb5 35. Rb7 b4 36. Ke2 Bf8 37. Ng2 Ra8 38. Ne1 Ra2+ 39. Kd1 g5 40. Rb8 b3 41. Rxb3 Bxh6 42. Rb8+ Kg7 43. g4 Nf8 44. Nc2 Ng6 45. Kc1 Nf4 46. Kb1 Ra4 47. Nb4 Kg6 48. Kc2 Bg7 49. Kd2 Ra1 50. Rb7 Rb1 51. Kc2 Rg1 52. Nc6 Rxg4 53. Nd8 f6 54. Bxf4 Rxf4 55. d5 Rxf2+ 56. Kd1 exd5 57. e6 Bf8 58. Nc6 e3 59. e7 Bxe7 60. Nxe7+ Kh5 61. Rd7 Rd2+ 62. Kc1 d4 63. Nf5 Kg4 64. Rd5 Kf4 65. Nd6 d3 66. Rf5+ Kg4 67. Rxf6 Rc2+ 68. Kb1 Rf2 69. Re6 Rf1+ 70. Kb2 e2 0-1

[Event "Penang op 7th"]
[Site "Penang"]
[Date "2015.12.09"]
[Round "4"]
[White "Reyes, Narquinden"]
[Black "Roy, Marpaung"]
[Result "1-0"]
[WhiteElo "2301"]
[BlackElo "2070"]
[PlyCount "65"]
[EventDate "2015.12.07"]
[EventType "swiss"]
[EventRounds "9"]
[EventCountry "MAS"]
[SourceTitle "CBM 169 Extra"]
[Source "ChessBase"]
[SourceDate "2015.12.18"]
[SourceVersion "1"]
[SourceVersionDate "2015.12.18"]
[SourceQuality "1"]

1. d4 Nf6 2. Nf3 d5 3. c4 dxc4 4. e3 e6 5. Bxc4 a6 6. Bb3 c5 7. 0-0 Nc6 8. Nc3 cxd4 9. exd4 Be7 10. Bg5 0-0 11. Rc1 Nb4 12. Ne5 Bd7 13. Qf3 Bc6 14. Nxc6 Nxc6 15. Rfd1 Qa5 16. Be3 Rad8 17. d5 exd5 18. Nxd5 Nxd5 19. Rxd5 Rxd5 20. Qxd5 Bf6 21. Bc5 Nd4 22. Rd1 Rd8 23. Qxf7+ Kh8 24. Bxd4 Bxd4 25. h4 Bxb2 26. Rd7 Qe1+ 27. Kh2 Re8 28. Be6 Qe5+ 29. g3 Rb8 30. Re7 h5 31. Bf5 Qb5 32. Qxh5+ Kg8 33. Be6+ 1-0

[Event "Penang op 7th"]
[Site "Penang"]
[Date "2015.12.07"]
[Round "1"]
[White "Tan, Jun Ying"]
[Black "Reyes, Narquinden"]
[Result "0-1"]
[WhiteElo "1911"]
[BlackElo "2301"]
[PlyCount "170"]
[EventDate "2015.12.07"]
[EventType "swiss"]
[EventRounds "9"]
[EventCountry "MAS"]
[SourceTitle "CBM 169 Extra"]
[Source "ChessBase"]
[SourceDate "2015.12.18"]
[SourceVersion "1"]
[SourceVersionDate "2015.12.18"]
[SourceQuality "1"]

1. d4 d5 2. c4 c6 3. Nf3 Nf6 4. e3 Bf5 5. Nc3 e6 6. Nh4 Be4 7. f3 Bg6 8. Qb3 Qb6 9. Nxg6 hxg6 10. Bd2 Nbd7 11. 0-0-0 Qxb3 12. axb3 Bd6 13. h3 0-0-0 14. Bd3 dxc4 15. bxc4 e5 16. d5 Bb4 17. e4 Nc5 18. Bc2 Nfd7 19. Be3 Nb6 20. Na2 Nxc4 21. Bf2 Na4 22. Bd3 b5 23. Bxc4 bxc4 24. Bxa7 Kb7 25. Be3 Bc5 26. Bxc5 Nxc5 27. Nb4 cxd5 28. Rxd5 Rxd5 29. Nxd5 Kc6 30. Kc2 Rb8 31. Kc3 Na4+ 32. Kxc4 Nxb2+ 33. Kc3 Na4+ 34. Kc4 Nb2+ 35. Kc3 Na4+ 36. Kc4 Nb6+ 37. Nxb6 Rxb6 38. Ra1 Kd6 39. Ra2 Ke6 40. Kc5 Rd6 41. Rb2 Rd3 42. Rb6+ Ke7 43. Rb7+ Ke6 44. Rb6+ Ke7 45. Rb7+ Kf6 46. h4 Rc3+ 47. Kd5 Rd3+ 48. Kc5 Rc3+ 49. Kd5 Rd3+ 50. Kc5 Rd8 51. Rb4 Ke7 52. Rb7+ Kf8 53. Kc4 Rd2 54. Rb8+ Ke7 55. Rb7+ Ke6 56. Kc5 Rc2+ 57. Kb5 Rb2+ 58. Ka6 Rxg2 59. Rb6+ Kd7 60. Rb7+ Kc6 61. Rb6+ Kc5 62. Rb5+ Kd4 63. Rd5+ Ke3 64. Rxe5 Kxf3 65. Re7 f5 66. e5 Ke4 67. e6 Ke5 68. Rxg7 Kxe6 69. h5 Ra2+ 70. Kb5 gxh5 71. Rh7 Rc2 72. Rxh5 Ke5 73. Kb4 Ke4 74. Rh8 f4 75. Kb3 Rc7 76. Re8+ Kf3 77. Kb2 Kf2 78. Kb3 f3 79. Rf8 Ke2 80. Re8+ Kf1 81. Rf8 f2 82. Kb4 Re7 83. Kc4 Ke2 84. Kd4 f1Q 85. Rxf1 Kxf1 0-1

[Event "Quezon City op"]
[Site "Quezon City"]
[Date "2014.12.11"]
[Round "8"]
[White "Habla, Jony"]
[Black "Reyes, Narquinden"]
[Result "0-1"]
[WhiteElo "2239"]
[BlackElo "2245"]
[PlyCount "150"]
[EventDate "2014.12.06"]
[EventType "swiss"]
[EventRounds "10"]
[EventCountry "PHI"]
[SourceTitle "CBM 163 Extra"]
[Source "ChessBase"]
[SourceDate "2014.12.23"]
[SourceVersion "1"]
[SourceVersionDate "2014.12.23"]
[SourceQuality "1"]

1. c4 c6 2. Nf3 d5 3. e3 Nf6 4. Nc3 a6 5. d4 Bf5 6. Bd2 e6 7. Nh4 Bg4 8. Nf3 Nbd7 9. h3 Bh5 10. g4 Bg6 11. Nh4 Bd6 12. Nxg6 hxg6 13. g5 Ng8 14. Qg4 Ne7 15. 0-0-0 Nf5 16. h4 Qe7 17. Bd3 0-0-0 18. c5 Bc7 19. h5 gxh5 20. Rxh5 g6 21. Rhh1 Rdg8 22. b4 Qd8 23. a4 Rxh1 24. Rxh1 Rh8 25. Rxh8 Qxh8 26. Kc2 Qh2 27. Nd1 Kd8 28. Kc1 Ke7 29. b5 axb5 30. axb5 Ng7 31. e4 Nh5 32. e5 Ng7 33. b6 Bb8 34. Qf3 Nf5 35. Qg4 Qh1 36. Bc3 Qh2 37. Be2 Qh1 38. Bf3 Qf1 39. Be2 Qh1 40. Kd2 Qh2 41. Bf3 Nh4 42. Be2 Nf5 43. Ke1 Qh1+ 44. Bf1 Qh2 45. Nb2 Nxe5 46. dxe5 Bxe5 47. Qf3 Nh4 48. Qd3 Qf4 49. Kd1 Qxg5 50. Kc2 Bxc3 51. Qxc3 Qf5+ 52. Nd3 Nf3 53. Be2 d4 54. Qa1 e5 55. Qd1 Ng5 56. Bg4 Qe4 57. Kb2 f5 58. Be2 Kf6 59. Qc2 Ne6 60. Qd2 g5 61. Bd1 Nf8 62. f3 Qd5 63. Qh2 Ng6 64. Qh7 g4 65. Bb3 Qxf3 66. Qxg6+ Kxg6 67. Nxe5+ Kg5 68. Nxf3+ gxf3 69. Kc2 Kf4 70. Kd2 Kg3 71. Bc2 f2 72. Bd3 Kg2 73. Be2 f4 74. Ba6 f1Q 75. Bxf1+ Kxf1 0-1

[Event "Quezon City op"]
[Site "Quezon City"]
[Date "2014.12.10"]
[Round "7"]
[White "Reyes, Narquinden"]
[Black "Frayna, Janelle Mae"]
[Result "0-1"]
[WhiteElo "2245"]
[BlackElo "2167"]
[PlyCount "130"]
[EventDate "2014.12.06"]
[EventType "swiss"]
[EventRounds "10"]
[EventCountry "PHI"]
[SourceTitle "CBM 163 Extra"]
[Source "ChessBase"]
[SourceDate "2014.12.23"]
[SourceVersion "1"]
[SourceVersionDate "2014.12.23"]
[SourceQuality "1"]

1. d4 Nf6 2. Nf3 d5 3. c4 c6 4. cxd5 cxd5 5. Nc3 Nc6 6. Bf4 Bf5 7. Rc1 e6 8. e3 Be7 9. Bd3 Bxd3 10. Qxd3 0-0 11. 0-0 a6 12. Na4 Ne4 13. a3 Qa5 14. Qb3 Qb5 15. Qxb5 axb5 16. Nb6 Ra6 17. Nd7 Rc8 18. Rc2 f6 19. Rfc1 Rd8 20. Nc5 Bxc5 21. dxc5 e5 22. Bg3 b4 23. Nd2 bxa3 24. bxa3 Nxd2 25. Rxd2 Rxa3 26. Rb2 Rd7 27. h3 Kf7 28. Rcb1 Ra7 29. f4 d4 30. fxe5 fxe5 31. exd4 exd4 32. Re2 Re7 33. Rf2+ Kg6 34. Bd6 Rf7 35. Re2 h6 36. Kh2 Ra4 37. Reb2 d3 38. Rd1 Rd4 39. Rb3 Nb4 40. Be5 Rc4 41. Bc3 Na6 42. Rxd3 Nxc5 43. Rg3+ Kh7 44. Rb4 Rxb4 45. Bxb4 Na6 46. Bd6 Rd7 47. Be5 b5 48. Ra3 Nc5 49. Rc3 Rd5 50. Re3 Nd3 51. Ba1 Rd7 52. Re6 Rb7 53. Rd6 Nc5 54. Rc6 Nb3 55. Bb2 Na5 56. Rc5 Nc4 57. Bc1 Nd6 58. Rc6 Ne4 59. Re6 Nc5 60. Rc6 Nd3 61. Bd2 b4 62. Rd6 b3 63. Bc3 b2 64. Bxb2 Nxb2 65. Rd4 Rc7 0-1